Online
Catalog

Introducción a la criminología : (Record no. 14426)

MARC details
000 -CABECERA
campo de control de longitud fija 01203cam a2200325 a 4500
001 - NÚMERO DE CONTROL
campo de control 000014846
003 - IDENTIFICADOR DEL NÚMERO DE CONTROL
campo de control DO-SdBNP
005 - FECHA Y HORA DE LA ÚLTIMA TRANSACCIÓN
campo de control 20260217115038.0
008 - DATOS DE LONGITUD FIJA--INFORMACIÓN GENERAL
campo de control de longitud fija 790117s1966 ve b 000 0 spa
035 ## - NÚMERO DE CONTROL DEL SISTEMA
Número de control de sistema (OCoLC)4556670
040 ## - FUENTE DE LA CATALOGACIÓN
Centro catalogador/agencia de origen DO-SdBNP
Centro/agencia transcriptor NAlU
Centro/agencia modificador DLC
042 ## - CÓDIGO DE AUTENTICACIÓN
Código de autenticación premarc
049 ## - FONDOS LOCALES (OCLC)
Fondos de biblioteca BNGR
082 ## - NÚMERO DE LA CLASIFICACIÓN DECIMAL DEWEY
Número de clasificación 364.019
Número de documento/Ítem G633i, 1966
100 1# - ENTRADA PRINCIPAL--NOMBRE DE PERSONA
Nombre de persona Gómez Grillo, Elio.
Fechas asociadas al nombre 1925-
9 (RLIN) 29922
245 10 - MENCIÓN DE TÍTULO
Título Introducción a la criminología :
Resto del título con especial referencia al medio venezolano /
Mención de responsabilidad, etc. Elio Gómez Grillo ; prólogo, José Luis Vethencourt B.
250 ## - MENCIÓN DE EDICIÓN
Mención de edición 2a ed.
260 ## - PUBLICACIÓN, DISTRIBUCIÓN, ETC.
Lugar de publicación, distribución, etc. Caracas :
Nombre del editor, distribuidor, etc. Publicaciones de la Facultad de Derecho, Universidad Central de Venezuela,
Fecha de publicación, distribución, etc. 1966.
300 ## - DESCRIPCIÓN FÍSICA
Extensión 460 p. ;
Dimensiones 24 cm.
490 1# - MENCIÓN DE SERIE
Mención de serie Tesis de doctorado
Designación de volumen o secuencia 5
500 ## - NOTA GENERAL
Nota general Universidad Central de Venezuela.
504 ## - NOTA DE BIBLIOGRAFÍA, ETC.
Nota de bibliografía, etc. Bibliografía (p. [427] -450).
650 #7 - PUNTO DE ACCESO ADICIONAL DE MATERIA--TÉRMINO DE MATERIA
Término de materia o nombre geográfico como elemento de entrada Criminología
9 (RLIN) 17089
Fuente del encabezamiento o término LIBRUNAM
650 #0 - PUNTO DE ACCESO ADICIONAL DE MATERIA--TÉRMINO DE MATERIA
Término de materia o nombre geográfico como elemento de entrada Crimen
Subdivisión geográfica Venezuela.
9 (RLIN) 29875
700 1# - PUNTO DE ACCESO ADICIONAL--NOMBRE DE PERSONA
Nombre de persona Vethencourt B., José Luis
Término indicativo de función/relación pról.
9 (RLIN) 33640
810 2# - PUNTO DE ACCESO ADICIONAL DE SERIE--NOMBRE DE ENTIDAD CORPORATIVA
Nombre de entidad corporativa o nombre de jurisdicción como elemento de entrada Universidad Central de Venezuela.
Unidad subordinada Facultad de Derecho.
Título de la obra Tesis de doctorado ;
Designación de volumen o secuencia v. 5
9 (RLIN) 29977
830 #0 - PUNTO DE ACCESO ADICIONAL DE SERIE-TÍTULO UNIFORME
Título uniforme Tesis de doctorado ;
Designación de volumen o secuencia 5
9 (RLIN) 29514
910 ## - DATOS DE OPCIÓN DEL USUARIO (OCLC)
Datos de opción del usuario Catalogación derivada
942 ## - ELEMENTOS DE PUNTO DE ACCESO ADICIONAL (KOHA)
Fuente del sistema de clasificación o colocación Dewey Decimal Classification
Tipo de ítem Koha Libro
Holdings
Estado de retiro Estado de pérdida Restricciones de uso No para préstamo Código de colección Localización permanente Ubicación/localización actual Ubicación en estantería Fecha de adquisición Número de inventario Total de préstamos Signatura topográfica completa Código de barras Fecha visto por última vez Precio válido a partir de Tipo de ítem Koha Número de copia
      Excluido de préstamo Monografías: Libros y Folletos General General En catalogación 22.01.2010 LF1   364.019 G633i, 1966 14846-10 25.06.2020 25.06.2020 No se presta  
      Excluido de préstamo Monografías: Libros y Folletos General General En catalogación 16.09.2010 LF1   364.019 G633i, 1966 14846-20 25.06.2020 25.06.2020 No se presta e. 2

Powered by Koha